000 00729nam a2200241 a 4500
001 60023
003 BD-RjUL
005 20211209080809.0
008 161228s1995 enka b 001 0 eng
020 _a052146532X (hbk.)
020 _a0521469333 (pbk.)
035 _a(BD-RjUL)60147
040 _aDLC
_cDLC
_dDLC
_dBD-RjUL
_beng
041 _aeng
082 0 0 _a362.196858842
_223
_bCAD 1995
100 1 _aCarr, Janet H.
_9178602
245 1 0 _aDown's syndrome :
_bchildren growing up /
_cJanet Carr.
260 _aCambridge :
_bCambridge University Press,
_c1995.
300 _axiii, 202 p. :
_bill. ;
_c24 cm.
500 _aIncludes index.
650 0 _aDown syndrome
_xPatients
_xLongitudinal studies.
_9178603
942 _2ddc
_cBK
999 _c60023
_d60023